Clic! : (Record no. 6321)
[ view plain ]
| 000 -LEADER | |
|---|---|
| fixed length control field | 00944nam a22002177a 4500 |
| 001 - CONTROL NUMBER | |
| control field | 6321 |
| 003 - CONTROL NUMBER IDENTIFIER | |
| control field | FISKH |
| 005 - DATE AND TIME OF LATEST TRANSACTION | |
| control field | 20250422092720.0 |
| 008 - FIXED-LENGTH DATA ELEMENTS--GENERAL INFORMATION | |
| fixed length control field | 250422b cb ||||| |||| 00| 0 eng d |
| 020 ## - INTERNATIONAL STANDARD BOOK NUMBER | |
| International Standard Book Number | 9780199126897 |
| 040 ## - CATALOGING SOURCE | |
| Original cataloging agency | FISKH |
| Language of cataloging | eng |
| Transcribing agency | FISKH |
| Modifying agency | FISKH |
| 100 ## - MAIN ENTRY--PERSONAL NAME | |
| Personal name | Bourdais, Danièle |
| 245 ## - TITLE STATEMENT | |
| Title | Clic! : |
| Remainder of title | En solo workbook 2 Plus / |
| Statement of responsibility, etc. | By Danièle Bourdais and Sue Finnie |
| 250 ## - EDITION STATEMENT | |
| Edition statement | First published 2009 |
| 260 ## - PUBLICATION, DISTRIBUTION, ETC. | |
| Place of publication, distribution, etc. | Oxford : |
| Name of publisher, distributor, etc. | Oxford Universtiy Press , |
| Date of publication, distribution, etc. | 2009. |
| 300 ## - PHYSICAL DESCRIPTION | |
| Extent | 95 pages : |
| Other physical details | illustrations ; |
| Dimensions | 95 pages . |
| 520 ## - SUMMARY, ETC. | |
| Summary, etc. | Clic! is the bestselling KS3 French course, updated to match the Renewed Framework. Clic! has two Access Student Books for reluctant learners, making this course the most differentiated course available. This PLUS En Solo Workbook offers extra practice and consolidation with write-in activities and audio material. |
| 700 ## - ADDED ENTRY--PERSONAL NAME | |
| Personal name | Finne, Sue |
| Relator term | Illustrator |
| 942 ## - ADDED ENTRY ELEMENTS (KOHA) | |
| Source of classification or shelving scheme | Dewey Decimal Classification |
| Koha item type | Books |
| Suppress in OPAC | No |
| Withdrawn status | Lost status | Source of classification or shelving scheme | Damaged status | Not for loan | Collection | Home library | Current library | Shelving location | Date acquired | Total Checkouts | Full call number | Barcode | Date last seen | Copy number | Price effective from | Koha item type |
|---|---|---|---|---|---|---|---|---|---|---|---|---|---|---|---|---|
| Dewey Decimal Classification | Reference | Footprints International School Library Network Toul Tom Poung Campus | Footprints International School Library Network Toul Tom Poung Campus | TTP Secondary Non-Fiction Bookshelves | 04/22/2025 | BOU PZ7 | FISSE04439 | 04/22/2025 | 1 | 04/22/2025 | Books | |||||
| Dewey Decimal Classification | Reference | Footprints International School Library Network Toul Tom Poung Campus | Footprints International School Library Network Toul Tom Poung Campus | TTP Secondary Non-Fiction Bookshelves | 04/24/2025 | BOU PZ7 | FISSE04408 | 04/24/2025 | 2 | 04/24/2025 | Books | |||||
| Dewey Decimal Classification | Reference | Footprints International School Library Network Toul Tom Poung Campus | Footprints International School Library Network Toul Tom Poung Campus | TTP Secondary Non-Fiction Bookshelves | 04/24/2025 | BOU PZ7 | FISSE04420 | 04/24/2025 | 3 | 04/24/2025 | Books | |||||
| Dewey Decimal Classification | Reference | Footprints International School Library Network Toul Tom Poung Campus | Footprints International School Library Network Toul Tom Poung Campus | TTP Secondary Non-Fiction Bookshelves | 04/24/2025 | BOU PZ7 | FISSE04426 | 04/24/2025 | 4 | 04/24/2025 | Books |
